000 00464nab a2200145Ia 4500
003 ES-SlBCS
005 20210601133736.0
008 140529s2002 xxu||||| |||| 00| 0 por d
041 _apor
100 1 _aMendes, Olenir Maria
_9209059
245 0 2 _aA formaçâo de professores no contexto educaional brasileiro
_c Olenir Maria Mendes
650 0 4 _aProfesores
_9183220
773 0 _tEducaçao e Filosofia
_gvol. 16, nº. 31, 2002, págs. 75-91
_wRev1534
942 _cAR
999 _c601396
_d601396